Sueño de una noche de verano. Píramo y Tisbe /
Guardado en:
| Autor Principal: | |
|---|---|
| Otros Autores: | |
| Formato: | Libro |
| Publicado: |
Buenos Aires :
Cántaro,
2005.
|
| Series: | Del Mirador ;
181 |
| Materias: | |
| Etiquetas: |
Agregar Etiqueta
Sin Etiquetas, Sea el primero en etiquetar este registro!
|
| LEADER | 00771nam a22002655a 4500 | ||
|---|---|---|---|
| 001 | CEM.cems020112 | ||
| 008 | 230517s2005####ag############000#0#####d | ||
| 005 | 20230517131529.0 | ||
| 245 | 1 | 0 | |a Sueño de una noche de verano. Píramo y Tisbe / |c William Shakespeare y Ovidio. |
| 260 | |a Buenos Aires : |b Cántaro, |c 2005. | ||
| 300 | |a 160 p. | ||
| 490 | 1 | |a Del Mirador ; |v 181 | |
| 020 | |a 9561305347 | ||
| 100 | 1 | |a Shakespeare, William | |
| 700 | 1 | |a Ovidio. | |
| 082 | 0 | 4 | |a 822.3 |
| 653 | |a Literatura | ||
| 653 | |a Comedias | ||
| 653 | |a Literatura inglesa | ||
| 653 | |a Teatro | ||
| 653 | |a Teatro ingles | ||
| 653 | |a Literatura Italiana | ||
| 653 | |a Literatura Romana | ||
| 653 | |a Literatura Clásica | ||
| 859 | |a CEMS |b BIB. CEMS - Agricultura |h 822.3 |i Sh14-3 |p A3584.23 |t Ej.1 | ||
